Normal view
MARC view
Entry Personal Name
001 - CONTROL NUMBER
- control field: 21739
003 - CONTROL NUMBER IDENTIFIER
- control field: ARRUPE
005 - DATE AND TIME OF LATEST TRANSACTION
- control field: 20160122121632.0
008 - FIXED-LENGTH DATA ELEMENTS
- fixed length control field: 160122|| aca||aabn | a|a d
040 ## - CATALOGING SOURCE
- Original cataloging agency: ARRUPE
- Transcribing agency: ARRUPE
100 ## - HEADING--PERSONAL NAME
- Personal name: Hone, Percy F.
- Fuller form of name: (Percy Frederick)
670 ## - SOURCE DATA FOUND
- Source citation: Work cat.: (ARRUPE)0: Hone, Percy F. (Percy Frederick), Southern Rhodesia,, 1909.